कथा सागरेश्वर अभयारण्याची (Record no. 1221756)

MARC details
000 -LEADER
fixed length control field 00537nam a2200169Ia 4500
008 - FIXED-LENGTH DATA ELEMENTS--GENERAL INFORMATION
fixed length control field 260520s2025 xx 000 0 und d
020 ## - INTERNATIONAL STANDARD BOOK NUMBER
International Standard Book Number 9788174182876
041 ## - LANGUAGE CODE
Language code of text/sound track or separate title mar
082 ## - DEWEY DECIMAL CLASSIFICATION NUMBER
Classification number 891.463/MOH
100 ## - MAIN ENTRY--PERSONAL NAME
Personal name मोहिते, ध म
245 ## - TITLE STATEMENT
Title कथा सागरेश्वर अभयारण्याची
250 ## - EDITION STATEMENT
Edition statement 3rd ed
260 ## - PUBLICATION, DISTRIBUTION, ETC.
Place of publication, distribution, etc. पुणे
Name of publisher, distributor, etc. इंद्रायणी साहित्य प्रकाशन
Date of publication, distribution, etc. 2025
300 ## - PHYSICAL DESCRIPTION
Extent 167p.
500 ## - GENERAL NOTE
General note Cat No: 14950
650 ## - SUBJECT ADDED ENTRY--TOPICAL TERM
Topical term or geographic name entry element MARATHI FICTION
Holdings
Withdrawn status Lost status Damaged status Not for loan Collection Home library Current library Shelving location Date acquired Source of acquisition Cost, normal purchase price Total Checkouts Full call number Barcode Date last seen Price effective from Koha item type Public note
          Dr.Patangrao Kadam Mahavidyalaya, Sangli Dr.Patangrao Kadam Mahavidyalaya, Sangli   06/04/2026 Bharati Madhyavarti Sahakari Grahak Bhandar, Pune (Best Book Supplier, Kolhapur) 200.00   891.463/MOH PKS-25121 20/05/2026 20/05/2026 Book TEXT BOOK SECTION
          Dr.Patangrao Kadam Mahavidyalaya, Sangli Dr.Patangrao Kadam Mahavidyalaya, Sangli   06/04/2026 Bharati Madhyavarti Sahakari Grahak Bhandar, Pune (Best Book Supplier, Kolhapur) 200.00   891.463/MOH PKS-25122 20/05/2026 20/05/2026 Book TEXT BOOK SECTION
          Dr.Patangrao Kadam Mahavidyalaya, Sangli Dr.Patangrao Kadam Mahavidyalaya, Sangli   06/04/2026 Bharati Madhyavarti Sahakari Grahak Bhandar, Pune (Best Book Supplier, Kolhapur) 200.00   891.463/MOH PKS-25123 20/05/2026 20/05/2026 Book TEXT BOOK SECTION
          Dr.Patangrao Kadam Mahavidyalaya, Sangli Dr.Patangrao Kadam Mahavidyalaya, Sangli   06/04/2026 Bharati Madhyavarti Sahakari Grahak Bhandar, Pune (Best Book Supplier, Kolhapur) 200.00   891.463/MOH PKS-25124 20/05/2026 20/05/2026 Book TEXT BOOK SECTION
          Dr.Patangrao Kadam Mahavidyalaya, Sangli Dr.Patangrao Kadam Mahavidyalaya, Sangli   06/04/2026 Bharati Madhyavarti Sahakari Grahak Bhandar, Pune (Best Book Supplier, Kolhapur) 200.00   891.463/MOH PKS-25125 20/05/2026 20/05/2026 Book TEXT BOOK SECTION